Migraciones Forzadas: revista /
Uloženo v:
| Korporativní autor: | |
|---|---|
| Médium: | Kniha |
| Jazyk: | Spanish |
| Vydáno: |
Universidad de Oxford ; Centro de Estudios sobre Refugiados
|
| Témata: | |
| Tagy: |
Přidat tag
Žádné tagy, Buďte první, kdo vytvoří štítek k tomuto záznamu!
|
MARC
| LEADER | 00000nam a22000007a 4500 | ||
|---|---|---|---|
| 003 | cru CIDCACS/IIS | ||
| 005 | 20230905132436.0 | ||
| 007 | ta | ||
| 008 | 170504| sp ||||| |||| 00| 0 spa d | ||
| 022 | |a 14609819 | ||
| 040 | |c CRAI/IIS |a CRAI/IIS | ||
| 090 | |a REV1576 | ||
| 110 | 2 | |9 4494 |a Centro de Estudios sobre Refugiados | |
| 245 | 1 | |a Migraciones Forzadas: |b revista / |c Centro de Estudios sobre Refugiados ; en colaboración para la edición en castellano por el Instituto Interuniversitario de Desarrollo Social y Paz de la Universidad de Alicante (IUDESP) | |
| 260 | |b Universidad de Oxford ; |b Centro de Estudios sobre Refugiados | ||
| 270 | |a Universidad de Alicante |d España |e 99,E03080 Alicante, España |z Para la edición en español | ||
| 310 | |a trimestral | ||
| 500 | |a se publica en inglés, español, árabe y francés. | ||
| 500 | |a EXISTENCIAS : 2001(11) 2002(12-13) 2003(14-17) 2004(18) 2005(21,22, 23) 2007(27-28) 2008 (29,30, 31) | ||
| 650 | 1 | 0 | |9 3844 |a MIGRACION FORZADA |
| 650 | 0 | |9 4495 |a MIGRACION INTERNACIONAL | |
| 650 | 1 | 0 | |9 36 |a MIGRANTES |
| 650 | 1 | 0 | |9 2860 |a REFUGIADOS |
| 650 | 4 | |9 4496 |a ASIMILACION DE MIGRANTES | |
| 650 | 1 | 0 | |9 38 |a DERECHOS HUMANOS |
| 650 | 0 | |9 3749 |a ORGANIZACIONES NO GUBERNAMENTALES | |
| 650 | 1 | 0 | |9 378 |a GUERRA |
| 773 | |t Reconociendo a los refugiados | ||
| 942 | |2 ddc |c PP |h REV1576(65)2020 |6 REV1576652020 | ||
| 999 | |c 19267 |d 19267 | ||
